| 000 | 00498nam a2200133Ia 4500 | ||
|---|---|---|---|
| 008 | 090124s9999 xx 000 0 und d | ||
| 082 | _b34768 | ||
| 245 | _a ललित अंक मार्च 1996 ते सप्टें 1996 | ||
| 250 | _a0 | ||
| 630 | _a ललित अंक मार्च 1996 ते सप्टें 1996 | ||
| 700 | _aकोठावळे अशोक | ||
| 730 | _a ललित अंक मार्च 1996 ते सप्टें 1996 | ||
| 942 | _cBOOK | ||
| 999 |
_c100704 _d100704 |
||